059_ Personnalités nées un 28 février par images - Statistiques

Statistiques générales
  • Ce quiz a été pris 23 fois
  • Le résultat moyen est 2 sur 9
Statistiques - réponses
Par images Hint Réponse % Correct
Chanteuse Jeanne Mas
57%
Chanteuse Jeanne Cherhal
30%
Athlète Karsten Warholm
26%
Écrivain Marcel Pagnol
26%
Musicien Brian Jones
13%
Acteur Robert Sean Leonard
13%
Tenniswoman Jelena Janković
9%
Animatrice Cali Morales
4%
Géographe et Cartographe Guillaume Delisle
0%
Aucun quiz correspondant
Distribution des résultats
% des personnes avec chaque résultat
Percentile par nombre de réponses
Votre historique - résultats
Vous n’avez pas pris ce quiz